| 000 | 00389 a2200145 4500 | ||
|---|---|---|---|
| 999 |
_c4576 _d4576 |
||
| 020 | _a0304323012 | ||
| 050 | _aLC632TOD1991 | ||
| 100 |
_aTodd,Roy _eauthor |
||
| 245 |
_aEducation in a multicultural society / _cRoy Todd |
||
| 264 |
_aLondon : _b Cassell, _c1991 |
||
| 300 | _a147p. : | ||
| 500 | _aincludes index | ||
| 650 | _a Education -- Great Britain. | ||
| 942 |
_2lcc _cBK _h632 _iTOD _kLC |
||